Production/operations management / (Record no. 12146)
[ view plain ]
| 000 -LEADER | |
|---|---|
| fixed length control field | 01030pam a2200277 a 4500 |
| 001 - CONTROL NUMBER | |
| control field | 3980706 |
| 005 - DATE AND TIME OF LATEST TRANSACTION | |
| control field | 19951228122607.2 |
| 008 - FIXED-LENGTH DATA ELEMENTS--GENERAL INFORMATION | |
| fixed length control field | 950906s1996 ilua b 001 0 eng |
| 010 ## - LIBRARY OF CONGRESS CONTROL NUMBER | |
| LC control number | 95041530 |
| 020 ## - INTERNATIONAL STANDARD BOOK NUMBER | |
| International Standard Book Number | 0256139008 |
| 020 ## - INTERNATIONAL STANDARD BOOK NUMBER | |
| Cancelled/invalid ISBN | 0256206920 (International students ed.) |
| 040 ## - CATALOGING SOURCE | |
| Original cataloging agency | DLC |
| Transcribing agency | DLC |
| Modifying agency | DLC |
| 050 00 - LIBRARY OF CONGRESS CALL NUMBER | |
| Classification number | TS155 |
| Item number | .S7824 1996 |
| 082 00 - DEWEY DECIMAL CLASSIFICATION NUMBER | |
| Classification number | 658.5 |
| Edition number | 20 |
| Item number | STE |
| 100 1# - MAIN ENTRY--PERSONAL NAME | |
| Personal name | Stevenson, William J. |
| 9 (RLIN) | 7350 |
| 245 10 - TITLE STATEMENT | |
| Title | Production/operations management / |
| Statement of responsibility, etc | William J. Stevenson. |
| 250 ## - EDITION STATEMENT | |
| Edition statement | 5th ed. |
| 260 ## - PUBLICATION, DISTRIBUTION, ETC. (IMPRINT) | |
| Place of publication, distribution, etc | Chicago, IL : |
| Name of publisher, distributor, etc | Irwin, |
| Date of publication, distribution, etc | c1996. |
| 300 ## - PHYSICAL DESCRIPTION | |
| Extent | xii, 897 p. : |
| Other physical details | ill. ; |
| Dimensions | 26 cm. |
| 440 #4 - | |
| -- | The Irwin series in production operations management |
| -- | 7351 |
| 500 ## - GENERAL NOTE | |
| General note | Includes Index. |
| 650 #0 - SUBJECT ADDED ENTRY--TOPICAL TERM | |
| Topical term or geographic name as entry element | Production management. |
| 9 (RLIN) | 7352 |
| 942 ## - ADDED ENTRY ELEMENTS (KOHA) | |
| Source of classification or shelving scheme | Dewey Decimal Classification |
| Item type | Book - Borrowing |
| Withdrawn status | Item status | Source of classification or shelving scheme | Damaged status | Not for loan | Vendor | Home library | Current library | Shelving location | Date acquired | Source of acquisition | Cost, normal purchase price | Serial Enumeration / chronology | Total Checkouts | Total Renewals | Full call number | Barcode | Date last seen | Date last borrowed | Koha item type |
|---|---|---|---|---|---|---|---|---|---|---|---|---|---|---|---|---|---|---|---|
| Dewey Decimal Classification | Alahram | Central Library | Central Library | First floor | 30/06/2009 | 144.00 | 72 | 8 | 27 | 658.5 STE | 000016742 | 15/07/2025 | 01/12/2019 | Book - Borrowing |